বৌদ্ধ ধর্ম ও সাহিত্য / (Record no. 41354)
[ view plain ]
| 000 -LEADER | |
|---|---|
| fixed length control field | 00878nam a2200241 a 4500 |
| 001 - CONTROL NUMBER | |
| control field | 41354 |
| 003 - CONTROL NUMBER IDENTIFIER | |
| rucl marc code | BD-RjUL |
| 005 - DATE AND TIME OF LATEST TRANSACTION | |
| control field | 20211209053354.0 |
| 008 - FIXED-LENGTH DATA ELEMENTS--GENERAL INFORMATION | |
| fixed length control field | 160529s1953 ii ||||| |||| 00| 0 ben d |
| 020 ## - INTERNATIONAL STANDARD BOOK NUMBER | |
| Terms of availability | IRs. .50 |
| 035 ## - SYSTEM CONTROL NUMBER | |
| System control number | (BD-RjUL)41471 |
| 040 ## - CATALOGING SOURCE | |
| Original cataloging agency | BD-RjUL |
| Language of cataloging | ben |
| Transcribing agency | BD-RjUL |
| Modifying agency | BD-RjUL |
| 041 ## - LANGUAGE CODE | |
| Language code of text/sound track or separate title | ben |
| 082 ## - DEWEY DECIMAL CLASSIFICATION NUMBER | |
| Edition number | 23 |
| Classification number | 294.3 |
| Author mark and year | BAB 1953 |
| 100 ## - MAIN ENTRY--PERSONAL NAME | |
| Personal name | বাগচী, প্রবোধ চন্দ্র |
| 9 (RLIN) | 127164 |
| 245 10 - TITLE STATEMENT | |
| Title | বৌদ্ধ ধর্ম ও সাহিত্য / |
| Statement of responsibility, etc. | প্রবোধ চন্দ্র বাগচী |
| 260 ## - PUBLICATION, DISTRIBUTION, ETC. (IMPRINT) | |
| Place of publication, distribution, etc. | কলিকাতা : |
| Name of publisher, distributor, etc. | বিশ্বভারতী, |
| Date of publication, distribution, etc. | ১৯৫৩ (১৩৫৯) |
| 300 ## - PHYSICAL DESCRIPTION | |
| Pagination | [৪], ৬৬ পৃ. ; |
| Size | ২০ সেমি. |
| 500 ## - GENERAL NOTE | |
| General note | পরিশিষ্ট সংযুক্ত |
| 650 ## - SUBJECT ADDED ENTRY--TOPICAL TERM | |
| Topical term or geographic name as entry element | বৌদ্ধধর্ম |
| 9 (RLIN) | 127165 |
| Topical term or geographic name as entry element | Buddhism |
| 9 (RLIN) | 127166 |
| 942 ## - ADDED ENTRY ELEMENTS (KOHA) | |
| Source of classification or shelving scheme | Dewey Decimal Classification |
| Koha item type | Books |
| Lost status | Source of classification or shelving scheme | Damaged status | Not for loan | Collection code | Permanent Location | Current Location | Shelving location | Date acquired | Source of acquisition | Cost, normal purchase price | Total Checkouts | Full call number | Date last seen | Date checked out | Copy number | Koha item type |
|---|---|---|---|---|---|---|---|---|---|---|---|---|---|---|---|---|
| Dewey Decimal Classification | Non-fiction | Central Library, University of Rajshahi | Central Library, University of Rajshahi | 13/02/1958 | Kamala Book, Calcutta | 0.50 | 1 | B 294.3 BAB 1953 | 28/10/2018 | 07/10/2018 | C-2 | Books | ||||
| Dewey Decimal Classification | Non-fiction | Central Library, University of Rajshahi | Central Library, University of Rajshahi | 28/09/1957 | Kamala Book, Calcutta | 0.50 | B 294.3 BAB 1953 | 29/05/2016 | C-3 | Books | ||||||
| Dewey Decimal Classification | Non-fiction | Central Library, University of Rajshahi | Central Library, University of Rajshahi | 29/10/1957 | Das Gupto & co. | 0.50 | B 294.3 BAB 1953 | 29/05/2016 | C-4 | Books |